Mark to market accounting : "true north" in financial reporting / (Record no. 2853)

000 -LEADER
fixed length control field 01286cam a22003374a 4500
001 - CONTROL NUMBER
control field 13210611
003 - CONTROL NUMBER IDENTIFIER
control field OSt
005 - DATE AND TIME OF LATEST TRANSACTION
control field 20160822130454.0
008 - FIXED-LENGTH DATA ELEMENTS--GENERAL INFORMATION
fixed length control field 030523s2004 enk b 001 0 eng
010 ## - LIBRARY OF CONGRESS CONTROL NUMBER
LC control number 2003047097
020 ## - INTERNATIONAL STANDARD BOOK NUMBER
International Standard Book Number 0415299551 (alk. paper)
040 ## - CATALOGING SOURCE
Original cataloging agency DLC
Transcribing agency DLC
Modifying agency DLC
042 ## - AUTHENTICATION CODE
Authentication code pcc
050 00 - LIBRARY OF CONGRESS CALL NUMBER
Classification number HF5686.S67 2004
082 00 - DEWEY DECIMAL CLASSIFICATION NUMBER
Classification number 657/.3
Edition number 21
100 1# - MAIN ENTRY--PERSONAL NAME
Personal name Schuetze, Walter P.,
Dates associated with a name 1932-
245 10 - TITLE STATEMENT
Title Mark to market accounting : "true north" in financial reporting /
Statement of responsibility, etc Walter P. Schuetze ; edited by Peter W. Wolnizer.
260 ## - PUBLICATION, DISTRIBUTION, ETC. (IMPRINT)
Place of publication, distribution, etc London :
-- New York :
Name of publisher, distributor, etc Routledge,
Date of publication, distribution, etc 2004.
300 ## - PHYSICAL DESCRIPTION
Extent xvii, 326p. ;
Dimensions 24 cm.
440 #0 - SERIES STATEMENT/ADDED ENTRY--TITLE
Title Routledge new works in accounting history
504 ## - BIBLIOGRAPHY, ETC. NOTE
Bibliography, etc Includes bibliographical references and index.
650 #0 - SUBJECT ADDED ENTRY--TOPICAL TERM
Topical term or geographic name as entry element Corporations
General subdivision Accounting.
650 #0 - SUBJECT ADDED ENTRY--TOPICAL TERM
Topical term or geographic name as entry element Corporation reports.
650 #0 - SUBJECT ADDED ENTRY--TOPICAL TERM
Topical term or geographic name as entry element Financial statements.
700 1# - ADDED ENTRY--PERSONAL NAME
Personal name Wolnizer, P. W.
856 41 - ELECTRONIC LOCATION AND ACCESS
Materials specified Table of contents only
Uniform Resource Identifier <a href="http://www.loc.gov/catdir/toc/fy0702/2003047097.html">http://www.loc.gov/catdir/toc/fy0702/2003047097.html</a>
856 42 - ELECTRONIC LOCATION AND ACCESS
Materials specified Publisher description
Uniform Resource Identifier <a href="http://www.loc.gov/catdir/enhancements/fy0650/2003047097-d.html">http://www.loc.gov/catdir/enhancements/fy0650/2003047097-d.html</a>
906 ## - LOCAL DATA ELEMENT F, LDF (RLIN)
a 7
b cbc
c orignew
d 1
e ocip
f 20
g y-gencatlg
942 ## - ADDED ENTRY ELEMENTS (KOHA)
Source of classification or shelving scheme
Koha item type Book
Holdings
Withdrawn status Lost status Source of classification or shelving scheme Damaged status Not for loan Home library Current library Shelving location Date acquired Total Checkouts Full call number Barcode Date last seen Copy number Price effective from Koha item type
          Riara University Library Riara University Library General stack 22/08/2016   HF5686.S67 2004 8048/16 22/08/2016 C.1 22/08/2016 Book

Riara University Library,
P.O. Box 49940-00100,
Nairobi, Kenya.